| 000 | 01432nam a2200361 a 4500 | ||
|---|---|---|---|
| 001 | vtls002013172 | ||
| 003 | NLI | ||
| 005 | 20210630170732.0 | ||
| 008 | 180801s2012 ii e o000 0 eng d | ||
| 020 |
_a9789381744031 _cRs.75.00 |
||
| 039 | 9 |
_y201808011349 _zbishnupadad |
|
| 040 |
_aNLI _beng _cNLMARC21 |
||
| 041 | _aeng | ||
| 044 | _aii | ||
| 082 | 0 | 4 |
_a894.81111 _222 |
| 245 | 0 | 0 |
_aIraiyanar akapporul : _btext, transliteration and translations in English verse and prose / _cCompiled and edited by V. Ramasamy ; translators David C. Buck ... [et al.] |
| 260 |
_aChennai : _bCentral Institute of classical Tamil, _c2012 |
||
| 300 |
_axxvi, 48 p. ; _c25cm. |
||
| 440 | 0 |
_aAncient Tamil classics in translation series. _91342006 |
|
| 650 | 0 |
_aLove poetry, Tamil _xTranslations into English _9832631 |
|
| 650 | 0 |
_aSangam literature _xTranslations into English _91342007 |
|
| 650 | 0 |
_aTamil poetry _yTo 1500 _xTranslations into English _9832632 |
|
| 700 | 1 |
_aRamasami, V., _4com _9996225 |
|
| 700 | 1 |
_aBuck, David C., _4trl _91343209 |
|
| 710 | 2 |
_aCentral Institute of Classical Tamil, Chennai. _91343210 |
|
| 887 | _aBishnu | ||
| 902 | _aGP 894.81111 Ir1 | ||
| 904 | _aBishnu | ||
| 949 |
_AVIRTUAITEM _D10003 _X202 _6IOD000155472ENG _eIOD155472 |
||
| 942 |
_2ddc _cBKS |
||
| 999 |
_aVIRTUA40 _c1432004 _d1432004 |
||
| 999 | _aVTLSSORT0080*0200*0400*0410*0440*0820*2450*2600*3000*4400*6500*6501*6502*7000*7001*7100*8520*9020*9040*9992 | ||